Systemy mikroprocesorowe w automatyce napedu elektrycznego

Guardado en:
Detalles Bibliográficos
Autor principal: Hejmo, Wladyslaw
Otros Autores: Koziol, Ryszard
Formato: Libro
Lenguaje:polaco
Publicado: Warszawa Wyd. Naukowo-Techn. 1989
Edición:1. wyd.
Etiquetas: Agregar Etiqueta
Sin Etiquetas, Sea el primero en etiquetar este registro!

MARC

LEADER 00000nam a2200000 4500
001 c037695
005 20221215130410.1
041 0 |a pol 
044 |a PL 
245 1 0 |a Systemy mikroprocesorowe w automatyce napedu elektrycznego  |c Wladyslaw Hejmo, Ryszard Koziol 
250 |a 1. wyd. 
264 1 |a Warszawa  |b Wyd. Naukowo-Techn.  |c 1989 
300 |a 209 s. 
100 1 |a Hejmo, Wladyslaw 
700 1 |a Koziol, Ryszard